Plánování sociálního rozvoje ve s.p. Stavby silnic a železnic, Praha záverečná práca postgraduálneho štúdia

Salvato in:
Dettagli Bibliografici
Autore principale: Vitík, Václav
Ente Autore: Vysoká škola ekonomická v Bratislave
Altri autori: Rievajová, Eva
Natura: Libro
Lingua:ceco
Pubblicazione: Bratislava 1988
Tags: Aggiungi Tag
Nessun Tag, puoi essere il primo ad aggiungerne!!

MARC

LEADER 00000nam a2200000 4500
001 c030613
005 20230116121555.7
041 0 |a cze 
044 |a SK 
245 1 0 |a Plánování sociálního rozvoje ve s.p. Stavby silnic a železnic, Praha  |b záverečná práca postgraduálneho štúdia  |c Václav Vitík ; ved. práce Eva Rievajová 
264 1 |a Bratislava  |c 1988 
300 |a 48 s. 
100 1 |a Vitík, Václav 
700 1 |a Rievajová, Eva 
710 2 |a Vysoká škola ekonomická v Bratislave